000 01685cam a2200373 i 4500
003 SA-RiAUC
005 20251203132203.0
008 251128s1966 su f l f000r0 ara c
020 _a4319316
040 _aSA-RiAUC
_bara
_cSA-RiAUC
_dSA-RiKSU
_erda
043 _aa-su---
082 0 4 _a346.531082
_qSA-RiAUC
090 _a346.531082
_bس ع و
110 1 _aالسعودية
_eمؤلف.
240 1 0 _aنظام مراقبة البنوك (1386 هـ.)
245 1 0 _aنظام مراقبة البنوك /
_cوزارة المالية والاقتصاد الوطني.
250 _aالطبعة الأولى.
264 1 _aمكة المكرمة :
_bمطبعة الحكومة،
_c[1966]
300 _a16 صفحة ؛
_c24 × 17 سم.
336 _aنص
_btxt
_2rdacontent
_3كتاب
337 _aبدون وسيط
_bn
_2rdamedia
338 _aمجلد
_bnc
_2rdacarrier
490 0 _aسلسلة النظم السعودية
500 _aس ع/م ل/3/ن6م4.
610 1 7 _aالسعودية.
_bوزارة المالية والاقتصاد الوطني
_vقوانين داخلية
_2aucnm
610 1 7 _aالسعودية.
_bوزارة المالية والاقتصاد الوطني
_xمطبوعات حكومية
_2aucnm
650 7 _aالبنوك
_xقوانين وتشريعات
_xمطبوعات حكومية
_zالسعودية
_2aucsh
650 7 _aالمطبوعات الحكومية
_2aucsh
651 7 _aالسعودية
_xمطبوعات حكومية
_2aucsh
710 1 _aالسعودية.
_bوزارة المالية والاقتصاد الوطني
_eمؤلف.
856 4 _uhttp://10.0.0.80/gov6/mo931.pdf
942 _2ddc
_cBOOK
_n0
949 _aSA-JeALM
_d251128
_umohamedma123
_n1
999 _c13455
_d13455